000 00299nam a22001337a 4500
008 210301b ||||| |||| 00| 0 eng d
020 _a078790810
041 _aeng
080 _22nd
_a070
100 _a39
101 _aMED
245 _aDesigning and Conducting Survey
_cRea,M.L
942 _2udc
_cBK
999 _c55353
_d55353